Normal view
MARC view
- Weston, J. Fred
Entry Personal Name
001 - CONTROL NUMBER
- control field: 34966
003 - CONTROL NUMBER IDENTIFIER
- control field: OSt
005 - DATE AND TIME OF LATEST TRANSACTION
- control field: 20140128130215.0
008 - FIXED-LENGTH DATA ELEMENTS
- fixed length control field: 140128|| aca||aabn | a|a d
040 ## - CATALOGING SOURCE
- Original cataloging agency: OSt
100 10 - HEADING--PERSONAL NAME
- Personal name: Weston, J. Fred
- Fuller form of name: (John Fred),
- Dates associated with a name: 1916-
400 10 - SEE FROM TRACING--PERSONAL NAME
- Personal name: Weston, John Frederick,
- Dates associated with a name: 1916-